| 000 | 01010pab a2200229 454500 | ||
|---|---|---|---|
| 008 | 180718b2005 xxu||||| |||| 00| 0 eng d | ||
| 100 | _aPandey, B.N. | ||
| 245 | _aFoetal wastage and infant mortality in two tribal populations of Jharkhand | ||
| 260 | _c2005 | ||
| 300 | _ap.255-63. | ||
| 362 | _aJul-Dec | ||
| 520 | _aFoetal wastage and infant mortality rate were studied in two tribal groups (Oraon and Korwa) of Gumia district of Jharkhand. In Korwa the foetal loss and infant mortality were found more in comparison to Oraon. Maximum aboritions and still birth of were found in the mothers of age groups 40+ years. The various factors responsible for foetal loss and infant mortality have been discussed. - Reproduced. | ||
| 650 | _aChild mortality - India - Jharkhand | ||
| 650 | _aMortality - India - Jharkhand | ||
| 650 | _aTribes - India - Jharkhand | ||
| 650 | _aTribes | ||
| 700 | _aAmbasta, O.P. | ||
| 700 | _aVatsa, Sudhi | ||
| 773 | _aMan in India | ||
| 908 | _aN | ||
| 909 | _a73838 | ||
| 999 |
_c73838 _d73838 |
||